Environmental pollution and Bhopal killings / (Record no. 127576)

MARC details
000 -LEADER
fixed length control field 00756nam a22002297a 4500
005 - DATE AND TIME OF LATEST TRANSACTION
control field 20170124110027.0
010 ## - LIBRARY OF CONGRESS CONTROL NUMBER
LC control number A-321905
020 ## - INTERNATIONAL STANDARD BOOK NUMBER
Terms of availability 00.00
International Standard Book Number 8121201195
035 ## - SYSTEM CONTROL NUMBER
System control number A-321905
037 ## - SOURCE OF ACQUISITION
Source of stock number/acquisition Cen Lib/Ret
040 ## - CATALOGING SOURCE
Original cataloging agency DPL
Language of cataloging EN
082 ## - DEWEY DECIMAL CLASSIFICATION NUMBER
Classification number 574.5
Item number BAN
100 ## - MAIN ENTRY--PERSONAL NAME
Personal name Banerjee, Brojendra Nath
9 (RLIN) 9572
245 ## - TITLE STATEMENT
Title Environmental pollution and Bhopal killings /
Statement of responsibility, etc by Brojendra Nath Banerjee
260 ## - PUBLICATION, DISTRIBUTION, ETC. (IMPRINT)
Place of publication, distribution, etc Delhi
Name of publisher, distributor, etc Gian Publishing House
Date of publication, distribution, etc 1987
270 ## - ADDRESS
City Delhi
Address 29/6, Shakti Nagar
Postal code 110007
300 ## - PHYSICAL DESCRIPTION
Extent 190p.
Dimensions 22m(Hb)
500 ## - GENERAL NOTE
General note Includes bibliographical references and index<br/><br/>
650 ## - SUBJECT ADDED ENTRY--TOPICAL TERM
Topical term or geographic name as entry element Environmental Pollution -- adverse effects -- India
9 (RLIN) 20895
650 ## - SUBJECT ADDED ENTRY--TOPICAL TERM
Topical term or geographic name as entry element Disasters -- India
9 (RLIN) 20896
942 ## - ADDED ENTRY ELEMENTS (KOHA)
Source of classification or shelving scheme Dewey Decimal Classification
Koha item type English Books
Classification part 574.5
Call number suffix BAN
Holdings
Withdrawn status Lost status Damaged status Not for loan Home library Current library Date acquired Source of acquisition Cost, normal purchase price Total Checkouts Full call number Barcode Date last seen Copy number Cost, replacement price Price effective from Koha item type Public note
Written off       Central Library Central Library 29/06/2015 Cen Lib/Ret 0.00   574.5 BAN A-321905 29/06/2015 1 0.00 29/06/2015 English Books Written off on approval by DLB (By Circulation); dtd 15-06-2023

© Delhi Public Library
Hit Counter
free hit counter